| 000 | 00831cad a22002175a 4500 | ||
|---|---|---|---|
| 001 | L157007 | ||
| 008 | 120810s2012 xxk 000 0 eng d | ||
| 035 | _a(Sirsi) u157007 | ||
| 041 | 0 | _aeng | |
| 110 | 2 |
_aProperty Litigation Association _94147 |
|
| 245 | 0 | 0 |
_aProperty litigation case alert for period 1 July - 29 July 2012 _h[electronic resource] |
| 260 | _c2012 | ||
| 490 | 0 |
_aProperty Litigation Association Property Litigation Case Alert _vJuly 2012 |
|
| 520 | _aJuly 2012 selection of property litigation cases with brief summaries. | ||
| 590 | _aKA NTK | ||
| 651 | 4 |
_aEngland and Wales _y1543- |
|
| 690 |
_aCommercial property _96227 |
||
| 690 |
_aResidential property _96266 |
||
| 856 | 4 | 0 |
_uhttps://www.pla.org.uk/__data/assets/pdf_file/0019/105472/31JULY2012.pdf _zView the case alert at www.pla.gov.uk |
| 942 | _n0 | ||
| 999 |
_c84231 _d84231 |
||